000 00725nam a22001937a 4500
008 160305b xxu||||| |||| 00| 0 eng d
020 _a978-971-9983-02-6
082 _22013
_aDFil 519.5
_bSt29
245 _aStatistics for general education:
_b( A keypad approach)/
_cMillard R. Mamhot; Alice A. Mamhot; Joel G. Adanza; Edited by Estela G. Adanza.
260 _aManila:
_bPurely Books Trading & Publishing Corp.,
_cc2013.
300 _avii, 180 pages:
_billustrations;
_c25 cm.
500 _aIncludes bibliography and index.
650 0 _93437
_aStatistics.
700 _93438
_aMamhot, Alice A.
700 _93439
_aAdanza, Joel G.
700 _93440
_aAdanza, Estela G., Editor
365 _b395.00
_cPhp
942 _2ddc
_cDFIL
999 _c1204
_d1204